| 000 | 00592nam a2200205 a 4500 | ||
|---|---|---|---|
| 001 | 13637 | ||
| 003 | CO-ViMGA | ||
| 008 | 141112s2004 ck r 000 u spa d | ||
| 020 | _a9682305047 | ||
| 040 |
_aCO-ViMGA _bspa _cCO-ViMGA |
||
| 082 | 0 | 4 | _a940.2 R65f |
| 100 | 1 |
_aRomano, Ruggiero; Tenenti, Alberto _919893 |
|
| 245 | 1 | 0 | _aLos fundamentos del mundo moderno |
| 260 |
_aMadrid : _bSiglo Veintiuno , _c1971 |
||
| 300 | _a327 | ||
| 490 | _aHistoria Universal Siglo Veintiuno | ||
| 650 | 1 | 4 |
_aEUROPA - HISTORIA - 1350 - 1550 _919894 |
| 650 | 1 | 4 |
_aHISTORIA MEDIEVAL _952394 |
| 942 |
_2ddc _cBK |
||
| 999 |
_c24361 _d24361 |
||